00516nam a22001337a 4500008004100000020001500041082001600056100005300072245006200125260005100187300003200238650006100270700005100331150508b xxu||||| |||| 00| 0 eng d a8493189847 a708bZ 396c aZaya, Antonio (curador); Farris Thompson, Robert aCarlos BetancourtcZaya, Antonio; Farris Thompson, Robert bLanzarote : Cabildo insular de Lanzarotec2002 a79 p.bill. (col)c17x23 cm xBetancourt,Carlos-1966-Exhibición xArte modernoxS.20 aAntonio Zaya (curador); Robert Farris Thompson